| 000 | 00631nam a2200241 a 4500 | ||
|---|---|---|---|
| 001 | 0001-1297 | ||
| 003 | ELIB.Books | ||
| 008 | 150702 2010 eng | ||
| 020 | _aKBTS | ||
| 035 | _a(ELIB.Books)0001-1452 | ||
| 092 |
_a261.9 _bLan |
||
| 100 | _aLancaster, Kathy. | ||
| 245 |
_aChurch & Society: _bNew Look: Church, World, Future |
||
| 260 |
_aLouisville _bPresbyterian Church _c1993 |
||
| 300 | _c23 Cm | ||
| 500 | _aC/o Dr. Yahalaylayla | ||
| 650 | _aChurch & Society | ||
| 856 |
_nKBTS: Library _uKBTS: Elib |
||
| 942 |
_2ddc _cBK |
||
| 990 | _a1 | ||
| 998 |
_cbat _e2015-07-02 |
||
| 999 |
_c11297 _d11297 |
||